00495nmm a2200169Ia 4500008004100000020001800041041000800059100002500067245002700092264007700119300001600196490001400212650002300226856005200249942000700301999001700308251105s9999||||xx |||||||||||||||||und|| a9788417505196 aspa aCano Murcia, Antonio 0aEl pergamino de Trento a[Madrid, España] :bLantia, c[Fecha de publicación no identificada] a0 páginas aCaligrama aHistorical fiction uhttps://public.digitaliapublishing.com/a/120287 cCF c78813d78813